Heart-Shaped Box - All Lyrics - Statistics

General Stats
  • This quiz has been taken 180 times
  • The average score is 184 of 251
Answer Stats
Answer % Correct
a
99%
I
99%
you
95%
for
92%
in
92%
your
92%
Your
92%
box
91%
heart
91%
shaped
91%
Hey
87%
got
86%
when
86%
Wait
81%
new
79%
can
78%
been
77%
inside
77%
I've
77%
weeks
76%
cancer
75%
complaint
75%
to
75%
Forever
74%
like
74%
me
74%
locked
73%
turn
72%
eat
71%
could
70%
She
70%
debt
69%
am
68%
wish
68%
advice
67%
black
64%
priceless
64%
weak
64%
Pisces
58%
trap
58%
and
55%
back
55%
eyes
51%
no
46%
on
46%
into
43%
so
42%
angel
40%
magnet
40%
breath
38%
just
37%
right
37%
tar
37%
hair
36%
yet
36%
down
35%
myself
35%
pit
35%
drawn
34%
I'm
33%
climb
32%
Cut
32%
baby's
31%
eating
31%
orchids
31%
forgive
30%
one
30%
Meat
25%
noose
24%
of
24%
Throw
24%
umbilical
24%
Highness
22%
left
22%
Broken
21%
hymen
18%
No matching quizzes found
Score Distribution
Percent of People with Each Score
Percentile by Number Answered
Your Score History
You have not taken this quiz